000 00752nam a2200241Ia 4500
003 OSt
005 20220926000406.0
006 a|||||r|||| 00| 0
007 ta
008 220923b |||||||| |||| 00| 0 eng d
037 _cGeneral Book
040 _aRTL
_cRTL
_beng
041 _2eng
_aeng
082 _aT4(D).2.h.N64, K4
110 _aAPPLIED MANPOWER RESEARCH (Instt. of-)
_9302488
245 0 _aTeachers in engineering educational institutions
_b manpower group survey
260 _a New Delhi
_bIAMR
_c1964
300 _aix, 156p
_ccm.
500 _aIAMR working paper 8/1964
700 _aAPPLIED MANPOWER RESEARCH (Instt. of-)
_9302489
942 _hT4(D).2.h.N64, K4
_cGB
_2CC
999 _c598956
_d598956